000
00324nam a2200145Ia 4500
008
191201s2005 xx 000 0 und d
082
_a
658.18
_b
CZI
100
_a
CZINKOTA, M
245
0
_a
International Business
250
_a
6th
260
_a
N.Delhi
_b
Thomson
_c
2005
300
_a
672
650
_a
MBA
942
_2
ddc
_c
BK
999
_c
3088
_d
3088